000 02291cam a22004094a 4500
001 14121324
003 OSt
005 20170518103056.0
007 co ugu--------
008 050926s2007 pau b 001 0 eng
010 _a 2005028084
015 _aGBA608398
_2bnb
020 _a0781784166
040 _aMMU
_cMMU
_dMMU
_bEng
042 _apcc
043 _an-cn---
050 0 0 _aRT81.5
_b.C355 2007
060 0 0 _a2006 D-277
060 1 0 _aWY 20.5
_bC2115 2007
082 0 0 _a610.73072
_222
245 0 0 _aCanadian essentials of nursing research /
_cCarmen G. Loiselle ... [et al.].
250 _a2nd ed.
260 _aPhiladelphia :
_bLippincott Williams & Wilkins,
_cc2007.
300 _axv, 606 p. ;
_c24 cm +
_e1 CD-ROM (4 3/4 in.).
504 _aIncludes bibliographical references (p. 483-493) and index.
505 0 _aIntroducing research and its use in nursing practice -- Comprehending key concepts in qualitative and quantitative research -- Understanding the research process in qualitative and quantitative studies -- Reading research reports -- Reviewing the ethical aspects of a nursing study -- Scrutinizing research problems, research questions, and hypotheses -- Finding and reviewing studies in the literature -- Examining the conceptual/theoretical basis of a study -- Scrutinizing quantitative research design -- Understanding qualitative research design -- Examining specific types of research -- Examining sampling plans -- Scrutinizing data collection methods -- Evaluating measurements and data quality -- Analyzing quantitative data -- Analyzing qualitative data -- Critiquing research reports -- Using research in evidence-based nursing practice.
650 0 _aNursing
_xResearch
_xMethodology.
650 0 _aNursing
_xResearch
_zCanada.
650 1 2 _aNursing Research
_xmethods
_zCanada.
655 0 _aCD-ROMs.
700 1 _aLoiselle, Carmen G.
856 4 1 _3Table of contents
_uhttp://www.loc.gov/catdir/toc/ecip0519/2005028084.html
856 4 2 _3Publisher description
_uhttp://www.loc.gov/catdir/enhancements/fy0712/2005028084-d.html
906 _a7
_bcbc
_corignew
_d1
_eecip
_f20
_gy-gencatlg
942 _2lcc
_cLOAN LOAN
999 _c23897
_d23897